Football : Classement Premier League (2024-2025) - Statistiques

Statistiques générales
  • Ce quiz a été pris 317 fois
  • Le résultat moyen est 12 sur 20
Statistiques - réponses
Position Points Equipes % Correct
1 84 FC Liverpool
100%
2 74 FC Arsenal
98%
3 71 Manchester City
92%
4 69 FC Chelsea
90%
5 66 Newcastle United
74%
6 66 Aston Villa
69%
7 65 Nottingham Forest
63%
15 42 Manchester United
61%
17 38 Tottenham Hotspurs
61%
8 61 Brighton Hove Albion
52%
18 25 Leicester City
52%
20 12 FC Southampton
48%
14 43 West Ham United
48%
16 42 Wolverhampton Wanderers
48%
9 56 FC Bournemouth
47%
10 56 FC Brentford
46%
13 48 FC Everton
46%
12 53 Crystal Palace
45%
11 54 FC Fulham
42%
19 22 Ipswich Town
41%
Aucun quiz correspondant
Distribution des résultats
% des personnes avec chaque résultat
Percentile par nombre de réponses
Votre historique - résultats
Vous n’avez pas pris ce quiz